| 000 | 01335nam a22003737a 4500 | ||
|---|---|---|---|
| 003 | CHAP | ||
| 005 | 20220329141204.0 | ||
| 008 | 971010s1978 r 00010 d | ||
| 010 | _a64068 | ||
| 011 | _a65040 | ||
| 035 | _a71199 | ||
| 040 | _cCHAP | ||
| 090 | _aTesis | ||
| 100 | 0 | 0 |
_aRubio Torres, J. Candelario. _9100498 |
| 245 | _aFactores que determinan la presencia del estro postdestete en cerdas de origen Yorkshire, Landrace y algunas de sus cruzas | ||
| 260 |
_aChapingo, Méx. : _bEl autor, _c1978 |
||
| 300 | _a56 h. gráfs. | ||
| 500 | _a1 c. en bodega | ||
| 502 | _aTesis (Ing. Agrónomo Esp. en Zootecnia) -- ENA. Departamento de Zootecnia | ||
| 590 |
_aALEPH _b10 _c20130110 _lUCH01 _h1349 |
||
| 590 |
_aBATCH-UPD _b10 _c20130110 _lUCH01 _h0638 |
||
| 590 |
_aBATCH-UPD _b10 _c20130410 _lUCH01 _h0322 |
||
| 590 |
_aBATCH-UPD _b10 _c20130914 _lUCH01 _h0931 |
||
| 590 |
_aCONVERSION _b10 _c20130109 _lUCH01 _h1335 |
||
| 650 | 1 | 4 |
_aCiclo estrual. _923072 |
| 650 | 1 | 4 |
_aGanado porcino _xReproducción. _945403 |
| 901 | _aBK | ||
| 942 | _cFOLL | ||
| 949 |
_aR111 _bZ _cTESBD _d-3800 _eTS1 _h632 _i71199 _si |
||
| 949 |
_aR111 _bZ _cTESBD _d-84080 _eTS2 _fc.2 _h633 _i71199 _si |
||
| 949 |
_bBC _cTES _d-154281 _eTS1 _i71199 _si |
||
| 949 |
_bBC _cTES _d-154282 _eTS2 _fc.2 _i71199 _si |
||
| 949 |
_bBC _cTES _d-154283 _eTS2 _fc.3 _h22968 _i71199 _si |
||
| 999 |
_c64068 _d64068 |
||